Logo BPK

Biblioteka

Politechniki Koszalińskiej

Organizacja gospodarki magazynowej w przedsiębiorstwach przemysłowych / (Rekord nr 26929)

Szczegóły MARC
000 -ETYKIETA REKORDU
podpole kontrolne o stałej długości 00364nam a2200133 i 4500
001 - NUMER KONTROLNY REKORDU
pole kontrolne bg
040 ## - ŹRÓDŁO KATALOGOWANIA
Instytucja, która utworzyła rekord BPK
041 ## - KOD JĘZYKA
Kod języka tekstu pol
008 - POLE O STAŁEJ DŁUGOŚCI - DANE KONTROLNE
podpole kontrolne o stałej długości s pl f |000 0 pol
100 1# - NAZWA OSOBOWA
Nazwa osobowa STACHOWIAK, Ambroży
245 #0 - TYTUŁ/ODPOWIEDZIALNOŚĆ
Tytuł Organizacja gospodarki magazynowej w przedsiębiorstwach przemysłowych /
Pozostałe elementy strefy tytułu i oznaczenia odpowiedzialności Ambroży Stachowiak.
260 ## - STREFA ADRESU WYDAWNICZEGO
Miejsce wydania Warszawa,
Data publikacji, dystrybucji/powstania dokumentu 1976.
856 ## - LOKALIZACJA I DOSTĘP DO ELEKTRONICZNYCH DOKUMENTÓW ZDALNYCH
Link (URL) http://koha.tu.koszalin.pl/cgi-bin/koha/opac-detail.pl?biblionumber=26929
Tekst linku Katalog online BPK
942 ## - DODATKOWE ELEMENTY (KOHA)
Typ dokumentu Książka
Egzemplarze
Wycofany Status egzemplarza Uszkodzony Dostępność Lokalizacja stała Lokalizacja bieżąca Miejsce przechowywania Sygnatura Kod kreskowy Ostatnio wypożyczono Typ dokumentu
      Dostępny Biblioteka Politechniki Koszalińskiej Biblioteka Politechniki Koszalińskiej Wypożyczalnia BG 18622 01719499 05.12.2018 Książka
© 2023 Biblioteka Politechniki Koszalińskiej :: KOHA